00406nam a2200169Ia 4500003000400000005001700004008004100021020001800062040000700080041000800087082002200095100001900117245003400136260003600170300001700206365001300223OSt20230427090507.0210423s2013 xx 000 0 und d a9780749467104 cAL aeng a658.4012 FINH223 aFINCH (Brian). aHow to write a business plan. aNew DelhibKogan Page Ltdc2013 aviii,179bPB b250cINR